000
00388nam a22001577a 4500
003
MPLRDC
005
20220104143711.0
008
210129b ||||| |||| 00| 0 eng d
082
_a
947.413 ZBYX v.3
100
_a
贞本义行 画
245
_a
新世纪福音战士. 三: 白色伤痕
_c
260
_a
_b
天下
_c
300
_b
平
650
_a
漫画
942
_c
BK
_o
947.413 ZBYX v.3
999
_c
42487
_d
42477